| 000 | 00934cam a2200325 i 4500 | ||
|---|---|---|---|
| 001 | 768714001 | ||
| 003 | CO-MdFUSB | ||
| 005 | 20241203152322.0 | ||
| 007 | ta | ||
| 008 | 241203t1991 -us||||| |||| 00| 0 spa d | ||
| 020 | _a0-88113-023-0 | ||
| 040 | _cCO-MdFUSB | ||
| 041 | 0 |
_aspa _heng |
|
| 082 | 0 | 4 |
_223 _a235.4 _bD2721r |
| 100 | 1 |
_aDawson, John (1951-) _eautor |
|
| 240 | _aTaking our cities for God | ||
| 245 | 1 | 0 |
_aLa reconquista de tu ciudad _c/ John Dawson ; traducido por Hugo Zelaya |
| 264 | 1 |
_bBetania, _aMiami, FL., USA : _c[1991] |
|
| 264 | 4 | _c©1991 | |
| 300 | _a189 páginas | ||
| 336 |
_atexto _btxt _2rdacontent |
||
| 337 |
_2rdamedia _asin mediación _bn |
||
| 338 |
_2rdacarrier _avolumen _bnc |
||
| 500 | _aTítulo original : Taking our cities for god | ||
| 563 | _arustico | ||
| 653 | _aGuerra espiritual | ||
| 700 |
_aZelaya, Hugo, _95850 _etraductor |
||
| 942 | _cBK | ||
| 945 | _aMiguel | ||
| 999 |
_c35036 _d35036 |
||